|
|
|
|
| LEADER |
01113cam a2200289 7i4500 |
| 001 |
0000067929 |
| 005 |
20220408090000.0 |
| 020 |
|
|
|a 9783131495228 (electronic book)
|
| 090 |
0 |
0 |
|a QP34.5
|b .S58 2012
|
| 100 |
1 |
|
|a Silbernagl, Stefan
|
| 245 |
1 |
0 |
|a Color atlas of physiology
|c Stefan Silbemagl, Agamemnon Despopoulos ; 201 color plates by Ruediger Gay and Astried Rothenburger ; translator: Geraldine O'Sullivan.
|
| 250 |
|
|
|a 7th edition.
|
| 264 |
|
|
|a Stuttgart, Germany:
|b Thieme,
|c 2012.
|
| 300 |
|
|
|a 1 online resource (xiii, 458 pages):
|b colour illustrations, text file, PDF.
|
| 336 |
|
|
|a text
|2 rdacontent
|
| 337 |
|
|
|a computer
|2 rdamedia
|
| 338 |
|
|
|a online resource
|2 rdacarrier
|
| 650 |
|
0 |
|a Physiological Phenomena
|
| 655 |
|
0 |
|a Electronic books
|
| 700 |
1 |
|
|a Despopoulos, Agamemnon
|
| 700 |
1 |
|
|a Gay, Ruediger
|
| 700 |
1 |
|
|a Rothenburger, Astried
|
| 700 |
1 |
|
|a O'Sullivan, Geraldine
|
| 856 |
4 |
2 |
|u http://library.unisel.edu.my/web/guest/mylibrary
|
| 997 |
|
|
|a Health Sciences, Faculty
|
| 998 |
|
|
|a Medical Laboratory Technology, Degree
|
| 999 |
|
|
|a EBO0012214
|b EBOOK
|c EBOOK
|e Electronic resources
|